[Event "26th EUR-ch"]
[Site "Katowice POL"]
[Date "2026.04.08"]
[Round "2.183"]
[White "Prisacaru, Stefan-Emilian"]
[Black "Amiridou, Dimitra"]
[Result "1-0"]
[WhiteElo "2243"]
[BlackElo "1965"]
[EventDate "2026.04.07"]
[PlyCount "105"]

1.d4 Nf6 2.c4 g6 3.Nc3 Bg7 4.e4 d6 5.Be2 O-O 6.Nf3 e5 7.O-O Na6 8.Re1 Bg4 
9.Be3 Qe7 10.dxe5 dxe5 11.Nd5 Qe8 12.Nd2 Bxe2 13.Qxe2 c6 14.Nxf6+ Bxf6 15.
c5 Qe7 16.Rac1 Rfd8 17.a3 Bg5 18.b4 Nc7 19.Nc4 Rd7 20.Qb2 Bxe3 21.fxe3 f6 
22.Rf1 Kg7 23.Rf3 Rad8 24.Qa1 Ne8 25.Rcf1 Qe6 26.Qc1 Rd3 27.Qc2 R3d7 28.h3
Qe7 29.Qe2 Qe6 30.R3f2 Qg8 31.Kh2 Qe6 32.Rc1 h5 33.g4 h4 34.g5 Rf7 35.Rcf1
Rdd7 36.gxf6+ Nxf6 37.Nd6 Rf8 38.Rf3 Nh7 39.Qg2 Rxf3 40.Qxf3 Ng5 41.Qg2 
Kh6 42.Rf8 Kg7 43.Rb8 Nf7 44.Nf5+ Kh7 45.Nxh4 Qf6 46.Nf3 Nd8 47.h4 Rd3 48.
Qe2 Rd7 49.Kg2 Kh6 50.Qf2 Rf7 51.Qg3 Ne6 52.Re8 Kh7 53.Rxe6 1-0

[Event "26th EUR-ch"]
[Site "Katowice POL"]
[Date "2026.04.08"]
[Round "2.184"]
[White "Drazic, Sinisa"]
[Black "Smolin, Sergey"]
[Result "1/2-1/2"]
[WhiteElo "2239"]
[BlackElo "1962"]
[EventDate "2026.04.07"]
[PlyCount "140"]

1.d4 g6 2.g3 Bg7 3.Bg2 c5 4.dxc5 Na6 5.e4 Nxc5 6.Ne2 d6 7.Nbc3 Nf6 8.O-O 
O-O 9.h3 Be6 10.Be3 Rc8 11.a4 Bc4 12.Re1 Bxe2 13.Rxe2 Qa5 14.Qb1 Ncd7 15.
Bd2 Qc5 16.a5 a6 17.g4 e6 18.Be3 Qc7 19.g5 Ne8 20.Na4 Ne5 21.Nb6 Rd8 22.
Ra4 Nc6 23.Qa2 Qe7 24.c3 Nc7 25.Rd2 f6 26.gxf6 Bxf6 27.f4 Kg7 28.Qa3 Nb5 
29.Qa1 d5 30.exd5 exd5 31.Bf2 d4 32.c4 Nc7 33.Nd5 Nxd5 34.cxd5 Nb4 35.Qa3 
Nxd5 36.Qxe7+ Nxe7 37.Bxb7 Rd6 38.Bxd4 Rfd8 39.Bxf6+ Kxf6 40.Re2 Nf5 41.
Rc4 Nd4 42.Re5 Ne6 43.Ree4 Rb8 44.Rc6 Rxc6 45.Bxc6 Rxb2 46.Rc4 Rd2 47.Bb7 
Rd6 48.Kf2 g5 49.fxg5+ Nxg5 50.h4 Ne6 51.Ke3 Ke5 52.Bc8 Nd4 53.Rc7 h6 54.
Re7+ Kf6 55.Rh7 Nf5+ 56.Ke2 Ke5 57.Ra7 Nd4+ 58.Ke3 Nb3 59.Bxa6 Nxa5 60.Bd3
Nc6 61.Rf7 Rf6 62.Rc7 Nb4 63.Rc5+ Nd5+ 64.Ke2 Kd6 65.Ra5 Nf4+ 66.Kd2 Nxd3 
67.Kxd3 Ke6 68.Ke4 Kf7 69.h5 Rf1 70.Ra6 Kg7 1/2-1/2

[Event "26th EUR-ch"]
[Site "Katowice POL"]
[Date "2026.04.08"]
[Round "2.185"]
[White "Krasniewski, Maciej"]
[Black "Levytskyi, Liubomyr"]
[Result "1-0"]
[WhiteElo "2227"]
[BlackElo "1959"]
[EventDate "2026.04.07"]
[PlyCount "71"]

1.d4 Nf6 2.c4 e6 3.Nf3 d5 4.Nc3 Nbd7 5.Bf4 Bb4 6.e3 c5 7.Rc1 Qa5 8.Qb3 Ne4
9.Be2 b5 10.cxd5 c4 11.Qc2 exd5 12.O-O Bxc3 13.bxc3 Nb6 14.Nd2 Bf5 15.Nxe4
Bxe4 16.Qb2 O-O 17.h4 h6 18.Bg4 Na4 19.Qa3 Qd8 20.Bg3 a5 21.Rfe1 Ra6 22.
Bd1 g5 23.h5 Qd7 24.f3 Bd3 25.e4 f5 26.exf5 Rxf5 27.Re7 Qd8 28.Re3 Qd7 29.
Bxa4 bxa4 30.Rce1 Raf6 31.Re7 Qb5 32.Be5 Rf7 33.Re6 g4 34.Rg6+ Kh7 35.Qd6 
Rxh5 36.Qd8 1-0

[Event "26th EUR-ch"]
[Site "Katowice POL"]
[Date "2026.04.08"]
[Round "2.186"]
[White "Mierins, Emils Janis"]
[Black "Destic, Elena"]
[Result "1-0"]
[WhiteElo "2223"]
[BlackElo "1954"]
[EventDate "2026.04.07"]
[PlyCount "63"]

1.e4 c6 2.Nf3 d5 3.d3 Bg4 4.h3 Bxf3 5.Qxf3 e5 6.Nc3 d4 7.Nb1 Nf6 8.g4 Nbd7
9.g5 Ng8 10.h4 Bd6 11.Bh3 Qe7 12.Nd2 O-O-O 13.a3 f6 14.Nc4 Kb8 15.Bd2 Nb6 
16.Nxd6 Qxd6 17.Rg1 Ne7 18.gxf6 gxf6 19.O-O-O Rdg8 20.h5 Rxg1 21.Rxg1 c5 
22.Rg7 f5 23.Bg5 fxe4 24.Qf7 exd3 25.Bxe7 Qh6+ 26.f4 d2+ 27.Kd1 Qc6 28.
Bd6+ Ka8 29.Bg2 e4 30.Rg8+ Rxg8 31.Qxg8+ Nc8 32.Bh3 1-0

[Event "26th EUR-ch"]
[Site "Katowice POL"]
[Date "2026.04.08"]
[Round "2.187"]
[White "Namyslak, Piotr"]
[Black "Dubinski, Mateusz"]
[Result "1-0"]
[WhiteElo "1953"]
[BlackElo "2222"]
[EventDate "2026.04.07"]
[PlyCount "127"]

1.c4 e6 2.Nc3 d5 3.cxd5 exd5 4.d4 Nf6 5.Bg5 c6 6.e3 h6 7.Bh4 Bd6 8.Bd3 O-O
9.Nge2 Re8 10.Qc2 a5 11.Bf5 Bxf5 12.Qxf5 Nbd7 13.Bg3 Bf8 14.O-O b5 15.Rac1
Qb6 16.Rc2 a4 17.a3 Qb7 18.Nf4 Nb6 19.Nd3 Qd7 20.Qf3 Qe6 21.Ne5 Nfd7 22.
Qe2 Nxe5 23.dxe5 Nc4 24.f4 f5 25.h3 Reb8 26.Be1 b4 27.axb4 Rxb4 28.Nd1 Rb3
29.Rc3 Rb5 30.g4 Rab8 31.Rc2 Rb3 32.Bc3 Bc5 33.Kh2 Bb4 34.Bxb4 R8xb4 35.
Rg1 Rb7 36.Rg3 fxg4 37.Rxg4 Qf5 38.e4 Qe6 39.exd5 cxd5 40.Qg2 Kh7 41.Re2 
Rd3 42.Qg1 Qf5 43.e6 Re7 44.Reg2 Rxh3+ 45.Kxh3 h5 46.Kh2 hxg4 47.Rxg4 Qh5+
48.Kg3 Rxe6 49.Qd4 Rg6 50.Nf2 Qf5 51.Kf3 Rf6 52.Kg3 Qe6 53.Rg5 Ne3 54.Qd3+
Kg8 55.Re5 Nf5+ 56.Kf3 Nh4+ 57.Ke2 Qf7 58.Rxd5 Re6+ 59.Kf1 Qxf4 60.Rd8+ 
Kf7 61.Qd7+ Re7 62.Qd5+ Kg6 63.Rd6+ Kh7 64.Qh5+ 1-0

[Event "26th EUR-ch"]
[Site "Katowice POL"]
[Date "2026.04.08"]
[Round "2.188"]
[White "Gov, Guy"]
[Black "Adamczyk, Zuzanna"]
[Result "1-0"]
[WhiteElo "2222"]
[BlackElo "1950"]
[EventDate "2026.04.07"]
[PlyCount "121"]

1.Nf3 d5 2.g3 Bg4 3.Ne5 Bf5 4.c4 dxc4 5.Qa4+ c6 6.Qxc4 Qd5 7.Qxd5 cxd5 8.
Nc3 e6 9.g4 Bg6 10.d4 Nc6 11.Nxc6 bxc6 12.Be3 Nf6 13.f3 Nd7 14.Rc1 Nb6 15.
Bf4 Rc8 16.e3 Kd7 17.Ba6 Re8 18.Ne2 f6 19.Kf2 e5 20.Bg3 Bd6 21.a3 Rb8 22.
Nc3 Na8 23.b4 Nc7 24.Be2 a5 25.dxe5 fxe5 26.bxa5 Bxa3 27.Bxe5 Bxc1 28.Rxc1
Ra8 29.Bxc7 Kxc7 30.Nxd5+ Kd8 31.Nb4 Be8 32.a6 h5 33.g5 Rc8 34.f4 Rf8 35.
Rc5 g6 36.Bf3 Rf7 37.Nxc6+ Bxc6 38.Bxc6 Ra7 39.Rd5+ Ke7 40.Bb7 Rc2+ 41.Kg3
Re2 42.Rd3 Ke6 43.e4 h4+ 44.Kxh4 Rxh2+ 45.Kg4 Rg2+ 46.Kf3 Rb2 47.Rc3 Rb6 
48.Kg4 Rbxa6 49.Bxa6 Rxa6 50.Rc7 Ra4 51.Rg7 Rxe4 52.Rxg6+ Kf7 53.Ra6 Rb4 
54.g6+ Kg7 55.Kg5 Rb1 56.Ra7+ Kg8 57.f5 Rb5 58.Kh6 Rxf5 59.Ra8+ Rf8 60.
Rxf8+ Kxf8 61.Kh7 1-0

[Event "26th EUR-ch"]
[Site "Katowice POL"]
[Date "2026.04.08"]
[Round "2.189"]
[White "Chmiel, Pawel"]
[Black "Ringuet, Noe"]
[Result "0-1"]
[WhiteElo "1949"]
[BlackElo "2220"]
[EventDate "2026.04.07"]
[PlyCount "70"]

1.e4 d5 2.exd5 Qxd5 3.Nc3 Qd6 4.d4 Nf6 5.Nf3 c6 6.h3 Bf5 7.Ne5 Nbd7 8.Nc4 
Qc7 9.Qf3 e6 10.Bf4 Qd8 11.O-O-O Nd5 12.g4 Bg6 13.Bg2 N7b6 14.Ne5 Be7 15.
Bd2 Nd7 16.Ne4 Nxe5 17.dxe5 Qc7 18.Qg3 O-O-O 19.f4 h5 20.Rhf1 hxg4 21.hxg4
Bxe4 22.Bxe4 Qb6 23.f5 Bc5 24.fxe6 fxe6 25.g5 Kb8 26.Rde1 a5 27.Qg4 Ne3 
28.Bxe3 Bxe3+ 29.Kb1 Bd4 30.c3 Bxc3 31.Re2 Qb5 32.Qg2 Bxe5 33.Ref2 Rh2 34.
Qf3 Rd2 35.Rxh2 Qxb2# 0-1

[Event "26th EUR-ch"]
[Site "Katowice POL"]
[Date "2026.04.08"]
[Round "2.190"]
[White "Pycinski, Wladyslaw"]
[Black "Ciborowski, Konrad jr"]
[Result "1-0"]
[WhiteElo "2218"]
[BlackElo "1948"]
[EventDate "2026.04.07"]
[PlyCount "75"]

1.e4 c5 2.Nf3 d6 3.Bb5+ Bd7 4.Bxd7+ Nxd7 5.c3 Ngf6 6.Qe2 e6 7.d4 cxd4 8.
cxd4 d5 9.e5 Ne4 10.O-O Be7 11.Nbd2 Nxd2 12.Bxd2 Qb6 13.Bc3 O-O 14.Rfe1 
Nb8 15.h4 Nc6 16.Qd2 Rae8 17.Re2 Qd8 18.Qf4 f6 19.exf6 Rxf6 20.Qg4 Rg6 21.
Qh3 Bb4 22.Bxb4 Nxb4 23.Ne5 Rh6 24.g3 Nc6 25.Nxc6 bxc6 26.Rae1 Qd6 27.Qg4 
Rf6 28.Rc1 e5 29.dxe5 Rxe5 30.Rxc6 Qxc6 31.Rxe5 Qc1+ 32.Kg2 Qxb2 33.Qc8+ 
Rf8 34.Qe6+ Kh8 35.Qf7 Qb8 36.Qxd5 Qc7 37.Rf5 Rxf5 38.Qa8+ 1-0

[Event "26th EUR-ch"]
[Site "Katowice POL"]
[Date "2026.04.08"]
[Round "2.191"]
[White "Olbrycht, Hubert"]
[Black "Tymrakiewicz, Rafal"]
[Result "0-1"]
[WhiteElo "1940"]
[BlackElo "2216"]
[EventDate "2026.04.07"]
[PlyCount "82"]

1.e4 e6 2.d4 d5 3.Nc3 Bb4 4.e5 b6 5.Qg4 Bf8 6.Bg5 Qd7 7.h4 Ba6 8.Bxa6 Nxa6
9.a3 c5 10.dxc5 bxc5 11.Nf3 h6 12.Bf4 h5 13.Qh3 Ne7 14.O-O Ng6 15.Bg5 Nb8 
16.Rfe1 Nc6 17.Rad1 d4 18.Qg3 Rb8 19.b3 Nce7 20.Ne4 Nf5 21.Qh2 Qc7 22.Ned2
Be7 23.Nc4 O-O 24.Rd3 Rfd8 25.Qh3 Bxg5 26.hxg5 Nf4 27.Qh2 Nxd3 28.cxd3 
Rxb3 29.Qxh5 g6 30.Qh2 Rxd3 31.Nfd2 Kg7 32.Qf4 Rh8 33.Nf3 Qc6 34.Ncd2 Rxd2
35.Qxd2 Qd5 36.Rd1 Qe4 37.Qa5 Nh4 38.Nxh4 Qxh4 39.Kf1 Qg4 40.f3 Qxg5 41.
Re1 Rh1+ 0-1

[Event "26th EUR-ch"]
[Site "Katowice POL"]
[Date "2026.04.08"]
[Round "2.192"]
[White "Korszanski, Stanislaw"]
[Black "Czyz, Andrzej"]
[Result "1-0"]
[WhiteElo "2215"]
[BlackElo "1936"]
[EventDate "2026.04.07"]
[PlyCount "113"]

1.e4 e6 2.d4 d5 3.Nc3 dxe4 4.Nxe4 Bd7 5.Nf3 Bc6 6.Bd3 Nd7 7.Qe2 Ngf6 8.
Nxf6+ Nxf6 9.Bd2 Bxf3 10.Qxf3 c6 11.c3 Be7 12.O-O-O Qd5 13.Qxd5 Nxd5 14.c4
Nf6 15.h3 O-O 16.Be3 Rfd8 17.Kb1 Rd7 18.g3 Rad8 19.Be2 h6 20.Bf3 Ne8 21.d5
cxd5 22.cxd5 b6 23.dxe6 Rxd1+ 24.Bxd1 fxe6 25.Bb3 Nc7 26.Rc1 Bd6 27.Bf4 
Bxf4 28.gxf4 Rd7 29.f5 Kf7 30.fxe6+ Nxe6 31.Rc6 Re7 32.Kc2 Kf6 33.Kd3 Kf5 
34.Bxe6+ Rxe6 35.Rc7 g6 36.Rxa7 Kf4 37.Rf7+ Kg5 38.a4 Kh4 39.Rf3 g5 40.b4 
g4 41.hxg4 Kxg4 42.Re3 Rd6+ 43.Ke2 h5 44.Rg3+ Kf4 45.a5 bxa5 46.bxa5 h4 
47.Ra3 Ra6 48.Kf1 Rg6 49.Ra4+ Kf3 50.a6 Rg8 51.Rxh4 Rb8 52.Rh3+ Kf4 53.Ra3
Rh8 54.a7 Ra8 55.Ra5 Kf3 56.Ra4 Rxa7 57.Rxa7 1-0

[Event "26th EUR-ch"]
[Site "Katowice POL"]
[Date "2026.04.08"]
[Round "2.193"]
[White "Wasiluk, Mateusz"]
[Black "Portelli, Matthew"]
[Result "1-0"]
[WhiteElo "1933"]
[BlackElo "2213"]
[EventDate "2026.04.07"]
[PlyCount "89"]

1.e4 e6 2.d4 d5 3.Nc3 Nf6 4.e5 Nfd7 5.f4 c5 6.Nf3 Nc6 7.Be3 cxd4 8.Nxd4 
Qb6 9.Qd2 Qxb2 10.Rb1 Qa3 11.Bb5 Nxd4 12.Bxd4 a6 13.Bxd7+ Bxd7 14.Rb3 Qe7 
15.Rxb7 Qd8 16.O-O Qc8 17.Rfb1 Bc5 18.f5 Bb5 19.Nxb5 axb5 20.R7xb5 Bxd4+ 
21.Qxd4 O-O 22.Rc5 Qa6 23.f6 Qxa2 24.Rf1 Ra4 25.Qe3 Qb2 26.fxg7 Rfa8 27.h3
Qb7 28.Qf2 Re4 29.Qf6 Rea4 30.Kh2 R4a7 31.Rc3 Qb2 32.Rc6 Re8 33.Rf3 Qb8 
34.Rf4 Rc7 35.Rd6 Qb5 36.Rh4 Rxc2 37.Rd7 Rf2 38.Qxf2 Qxd7 39.Qc2 f5 40.
exf6 Qd6+ 41.g3 Kf7 42.Qxh7 Rg8 43.Qxg8+ Kxg8 44.Rh8+ Kf7 45.g8=Q+ 1-0

[Event "26th EUR-ch"]
[Site "Katowice POL"]
[Date "2026.04.08"]
[Round "2.194"]
[White "Rudzinska, Michalina"]
[Black "Chmiel, Dominika"]
[Result "1-0"]
[WhiteElo "2204"]
[BlackElo "1932"]
[EventDate "2026.04.07"]
[PlyCount "75"]

1.e4 e5 2.Nf3 Nc6 3.Bc4 Bc5 4.c3 Nf6 5.d3 d6 6.O-O O-O 7.Nbd2 Bb6 8.Bb3 
Ne7 9.Nc4 Ng6 10.Re1 Bg4 11.h3 Bd7 12.a4 Be6 13.a5 Bc5 14.d4 exd4 15.cxd4 
Bb4 16.Bd2 Bxd2 17.Ncxd2 d5 18.Ng5 c6 19.e5 Nd7 20.Qh5 Re8 21.Qxh7+ Kf8 
22.Qh5 Nf4 23.Qh8+ Ke7 24.Qh4 Ng6 25.Qg3 Ndf8 26.Bc2 Kd7 27.Nxe6 Nxe6 28.
Bxg6 fxg6 29.Qxg6 Rf8 30.Nb3 Qe7 31.Nc5+ Nxc5 32.dxc5 Rae8 33.a6 Kc8 34.
Re3 Rf7 35.Rb3 Qe6 36.axb7+ Kb8 37.Qxe6 Rxe6 38.Rxa7 1-0

[Event "26th EUR-ch"]
[Site "Katowice POL"]
[Date "2026.04.08"]
[Round "2.195"]
[White "Tyshniuk, Roman"]
[Black "Rodriguez Redondo, Adhara"]
[Result "1/2-1/2"]
[WhiteElo "1931"]
[BlackElo "2203"]
[EventDate "2026.04.07"]
[PlyCount "151"]

1.e4 e5 2.Nf3 Nc6 3.Bc4 Nf6 4.Ng5 d5 5.exd5 Na5 6.d3 h6 7.Nf3 Bd6 8.h3 O-O
9.Nc3 c6 10.dxc6 bxc6 11.O-O Nxc4 12.dxc4 e4 13.Nd4 Bd7 14.Nde2 Qc7 15.Ng3
Rfe8 16.Nh5 Be5 17.Nxf6+ Bxf6 18.Qe1 Qe5 19.Be3 Be6 20.Qe2 Qf5 21.Bd2 Bd7 
22.Rad1 Qg6 23.Qe3 c5 24.Nd5 Bd4 25.Qa3 Be5 26.Bf4 e3 27.Qxe3 Bxf4 28.Nxf4
Qxc2 29.Qxc5 Rec8 30.Qd6 Bc6 31.Nd5 Bxd5 32.cxd5 Qxb2 33.Qa6 Rd8 34.d6 Rd7
35.Rd3 Rad8 36.Rfd1 Qf6 37.a4 Qf4 38.Rd4 Qe5 39.Rd5 Qf6 40.a5 Qe6 41.Qc6 
Qf6 42.Qc5 g6 43.Qe3 Kg7 44.R1d4 h5 45.h4 Qe6 46.Re5 Qf6 47.Re7 Rxd6 48.
Rf4 Qa1+ 49.Kh2 Rf6 50.Rxa7 Rdd6 51.Rxf6 Qxf6 52.g3 Re6 53.Qf4 Qxf4 54.
gxf4 Re4 55.Kg3 Kf6 56.Rb7 Ra4 57.Rb6+ Kf5 58.a6 Ra3+ 59.f3 f6 60.Rc6 Ra2 
61.Rd6 Ra4 62.Rb6 Ra2 63.Rb5+ Ke6 64.f5+ gxf5 65.Rb6+ Ke5 66.f4+ Ke4 67.
Re6+ Kd5 68.Rxf6 Ra3+ 69.Kf2 Ke4 70.Rb6 Kxf4 71.Rb4+ Ke5 72.Rb5+ Ke4 73.
Rb4+ Kd5 74.Rb5+ Ke6 75.Rb6+ Ke5 76.Rb5+ 1/2-1/2

[Event "26th EUR-ch"]
[Site "Katowice POL"]
[Date "2026.04.08"]
[Round "2.196"]
[White "Salaun, Yann"]
[Black "Konopka, Jeremie"]
[Result "1-0"]
[WhiteElo "2199"]
[BlackElo "1930"]
[EventDate "2026.04.07"]
[PlyCount "47"]

1.e4 c5 2.g3 Nc6 3.Bg2 g6 4.d3 Bg7 5.c3 d6 6.Nf3 Nf6 7.O-O O-O 8.Na3 e5 9.
Nc2 Re8 10.Re1 d5 11.exd5 Nxd5 12.Ng5 h6 13.Ne4 b6 14.Ne3 Nxe3 15.Bxe3 Bb7
16.Qa4 Rc8 17.g4 a6 18.g5 hxg5 19.Nxg5 b5 20.Qh4 Qe7 21.Qh7+ Kf8 22.Ne4 
Nd4 23.Bh6 f6 24.Nd6 1-0

[Event "26th EUR-ch"]
[Site "Katowice POL"]
[Date "2026.04.08"]
[Round "2.197"]
[White "Starosta, Martyna"]
[Black "Kasperczyk, Szymon"]
[Result "1-0"]
[WhiteElo "2199"]
[BlackElo "1910"]
[EventDate "2026.04.07"]
[PlyCount "73"]

1.e4 e5 2.Nf3 Nf6 3.Nxe5 d6 4.Nc4 Nxe4 5.Qe2 Qe7 6.Ne3 Be6 7.Nc3 Nf6 8.d4 
d5 9.Bd2 c5 10.Qb5+ Nc6 11.Ne2 O-O-O 12.Qxc5 Qxc5 13.dxc5 d4 14.Nd1 Bxc5 
15.f3 Rhe8 16.Nf2 Bc4 17.Kd1 Nd5 18.Nc1 Nc3+ 19.bxc3 dxc3 20.Nfd3 cxd2 21.
Kxd2 Be3+ 22.Kd1 Nb4 23.g3 Bxc1 24.Rxc1 Nxa2 25.Ra1 Nc3+ 26.Kd2 Nb5 27.Ra4
Bd5 28.Bh3+ Kb8 29.Rb1 Bc6 30.Rf4 f6 31.Bf1 Nd4 32.Kc3 Nxf3 33.Nb4 Re3+ 
34.Bd3 Re6 35.Na6+ Ka8 36.Nc7+ Kb8 37.Nxe6 1-0

[Event "26th EUR-ch"]
[Site "Katowice POL"]
[Date "2026.04.08"]
[Round "2.198"]
[White "Ivanauskas, Deividas"]
[Black "Kochavi, Dana"]
[Result "0-1"]
[WhiteElo "1883"]
[BlackElo "2196"]
[EventDate "2026.04.07"]
[PlyCount "156"]

1.e4 c6 2.d4 d5 3.Nc3 dxe4 4.Nxe4 Nd7 5.Nf3 Ngf6 6.Nxf6+ Nxf6 7.h3 Bf5 8.
Bd3 e6 9.O-O Bxd3 10.Qxd3 Bd6 11.Re1 h6 12.Bd2 Qc7 13.c4 O-O 14.Rad1 Rfd8 
15.Bc3 Rab8 16.a4 b5 17.axb5 cxb5 18.cxb5 Qb7 19.Ra1 Nd5 20.Bd2 Rd7 21.
Rec1 Bf4 22.Bxf4 Nxf4 23.Qe3 Rxd4 24.Rc7 Qxc7 25.Nxd4 Qd6 26.Ne2 Nd5 27.
Qxa7 Rxb5 28.Qa3 Qb8 29.Rc1 Rxb2 30.Rc8+ Qxc8 31.Qxb2 Qc4 32.Qd2 Qb4 33.
Qxb4 Nxb4 34.Nc3 f5 35.g3 Kf7 36.Kg2 Nd5 37.Nb5 g5 38.Nd6+ Kf6 39.Nb7 e5 
40.Nd6 Ke6 41.Nc4 e4 42.Na3 Nb4 43.Nc4 Nd3 44.Ne3 h5 45.Nc2 f4 46.f3 e3 
47.h4 gxh4 48.gxh4 Kd5 49.Kf1 Kc4 50.Ke2 Nc1+ 51.Kd1 Nb3 52.Ne1 Kd4 53.Ng2
Ke5 54.Ne1 Nd4 55.Nd3+ Kf5 56.Ne1 Nc6 57.Ke2 Nb4 58.Kd1 Ke5 59.Ke2 Kd4 60.
Kd1 Nd3 61.Ng2 Nf2+ 62.Ke2 Nh3 63.Ne1 Kc3 64.Ng2 Ng1+ 65.Kd1 e2+ 66.Ke1 
Kd3 67.Nxf4+ Ke3 68.Nd5+ Kxf3 69.Nc3 Ke3 70.Nd5+ Ke4 71.Nb4 Kd4 72.Nc2+ 
Kc3 73.Ne3 Kd3 74.Ng2 Nf3+ 75.Kf2 Nd4 76.Ke1 Nc2+ 77.Kf2 Kd2 78.Kg3 Ne3 
0-1

[Event "26th EUR-ch"]
[Site "Katowice POL"]
[Date "2026.04.08"]
[Round "2.199"]
[White "Kosmas-Lekkas, Dimitrios"]
[Black "Madera, Mateusz"]
[Result "1-0"]
[WhiteElo "2195"]
[BlackElo "1902"]
[EventDate "2026.04.07"]
[PlyCount "81"]

1.e4 c5 2.Nf3 e6 3.d4 cxd4 4.Nxd4 Nc6 5.Nc3 Qc7 6.Ncb5 Qb8 7.Bd3 a6 8.Nxc6
bxc6 9.Nd4 Nf6 10.O-O c5 11.Nf3 d6 12.b3 Be7 13.Bb2 e5 14.Nd2 O-O 15.Nc4 
Be6 16.Qe2 Nd7 17.Rad1 Qc7 18.Bc3 g6 19.Na5 Qb6 20.Bc4 Bxc4 21.Nxc4 Qc6 
22.Bd2 Nb6 23.Bh6 Rfd8 24.f4 Nxc4 25.Qxc4 Qe8 26.fxe5 dxe5 27.Rd5 Rxd5 28.
Qxd5 Bf8 29.Rxf7 Qxf7 30.Qxa8 g5 31.Bxf8 Qxf8 32.Qxf8+ Kxf8 33.Kf2 Ke7 34.
Ke3 Kd6 35.Kd3 Kc6 36.Kc4 a5 37.g4 h6 38.h3 Kb6 39.a4 Kc6 40.c3 Kb6 41.Kd5
1-0

[Event "26th EUR-ch"]
[Site "Katowice POL"]
[Date "2026.04.08"]
[Round "2.200"]
[White "Djurovic, Peko"]
[Black "Spanos, Nomikos"]
[Result "1-0"]
[WhiteElo "2191"]
[BlackElo "1885"]
[EventDate "2026.04.07"]
[PlyCount "41"]

1.e4 e5 2.Nf3 Nc6 3.Bb5 f5 4.d4 fxe4 5.Nxe5 Nxe5 6.dxe5 c6 7.Nc3 cxb5 8.
Nxe4 d5 9.exd6 Nf6 10.Qd4 Nxe4 11.Qxe4+ Kd7 12.Be3 Qf6 13.O-O-O Qe6 14.Qd4
b6 15.Rhe1 Kc6 16.d7 Bxd7 17.Bf4 Qf5 18.Re5 Qf7 19.Qe4+ Kc7 20.Rc5+ Kd8 
21.Bc7+ 1-0

[Event "26th EUR-ch"]
[Site "Katowice POL"]
[Date "2026.04.08"]
[Round "2.201"]
[White "Duda, Aleksandra"]
[Black "Meirovich, Ilay"]
[Result "0-1"]
[WhiteElo "1878"]
[BlackElo "2190"]
[EventDate "2026.04.07"]
[PlyCount "226"]

1.d4 Nf6 2.Bf4 e6 3.Nf3 b6 4.c4 Bb7 5.e3 Bb4+ 6.Nc3 Ne4 7.Rc1 O-O 8.Bd3 f5
9.O-O Nxc3 10.bxc3 Be7 11.h3 d6 12.Re1 Nd7 13.Bh2 Nf6 14.Nd2 Qe8 15.e4 Qg6
16.d5 Rae8 17.exf5 exf5 18.Qc2 Bc8 19.Nf3 Ne4 20.Nd4 Bh4 21.Re2 Bd7 22.Nf3
Bf6 23.Nd4 Bh4 24.Nf3 Bf6 25.Nd4 Be5 26.Bxe5 Rxe5 27.Rce1 Rfe8 28.Nf3 R5e7
29.Nd2 Nxd2 30.Qxd2 Re5 31.f4 Rxe2 32.Rxe2 Rxe2 33.Qxe2 Qf6 34.Qe1 g5 35.
fxg5 Qxg5 36.h4 Qg7 37.Qe3 Kf7 38.Be2 Qf6 39.Bh5+ Kg7 40.g3 Ba4 41.Kg2 h6 
42.Be8 Bc2 43.Bd7 Qe5 44.Kf2 Be4 45.Ba4 a6 46.Bc6 Bb1 47.Bb7 a5 48.a3 Be4 
49.Bc6 Qf6 50.Be8 Qe5 51.Bc6 Qe7 52.Ba4 Qf8 53.Qd4+ Kf7 54.Qe3 Ke7 55.Bd1 
Qf6 56.Ba4 Kd8 57.Bd1 Kc8 58.Ba4 Kb7 59.Bc6+ Ka7 60.Ba4 Qg7 61.Bd1 Kb7 62.
Bh5 Qd7 63.Bd1 Qg7 64.Bh5 Qe5 65.Bd1 Bb1 66.Ba4 Be4 67.Bd1 b5 68.cxb5 Qxd5
69.Be2 Qa2 70.c4 Qa1 71.Bf3 Qe5 72.Be2 a4 73.Bd1 Qb2+ 74.Be2 Qb3 75.Bf1 
Qb1 76.Qd2 Qa1 77.Qe3 Qd1 78.Qc3 Qg4 79.Qe3 Qg7 80.Bd3 Qb2+ 81.Be2 Qb3 82.
Bf1 c6 83.bxc6+ Kxc6 84.Be2 Qb1 85.Bf1 Qa1 86.Bd3 Qh1 87.Bxe4+ fxe4 88.Ke2
Qb1 89.Qd2 Kd7 90.Qd5 Qb2+ 91.Ke1 Qc3+ 92.Ke2 Qf3+ 93.Kd2 Qf2+ 94.Kd1 e3 
95.Qb7+ Ke6 96.Qd5+ Ke7 97.Qe4+ Kf6 98.Qd4+ Kf5 99.g4+ Ke6 100.Qd5+ Ke7 
101.Qe4+ Kf8 102.Qa8+ Kg7 103.Qa7+ Kg6 104.h5+ Kg5 105.Qe7+ Kxg4 106.Qe4+ 
Kg3 107.Qg6+ Kh3 108.Qe6+ Kg2 109.Qg6+ Kf1 110.Qd3+ e2+ 111.Kc2 Kg1 112.
Qg6+ Qg2 113.Kd2 Qxg6 0-1

[Event "26th EUR-ch"]
[Site "Katowice POL"]
[Date "2026.04.08"]
[Round "2.202"]
[White "Lecki, Leonard"]
[Black "Kaplanova, Dominika"]
[Result "1-0"]
[WhiteElo "2189"]
[BlackElo "1869"]
[EventDate "2026.04.07"]
[PlyCount "59"]

1.e4 e5 2.Nf3 Nf6 3.d4 Nxe4 4.Bd3 d5 5.Nxe5 Bd6 6.Nc3 Nxc3 7.bxc3 Qe7 8.
O-O Bxe5 9.dxe5 Be6 10.f4 Qc5+ 11.Kh1 g6 12.f5 gxf5 13.Bxf5 Bxf5 14.Rxf5 
Nc6 15.Bg5 Ne7 16.Bxe7 Kxe7 17.Qh5 Raf8 18.Raf1 Qc6 19.Rxf7+ Rxf7 20.Rxf7+
Kd8 21.Qg5+ Kc8 22.Qf5+ Kd8 23.e6 Qxc3 24.Rf8+ Ke7 25.Qf7+ Kd6 26.Qd7+ Ke5
27.Qg7+ Kxe6 28.Qxc3 Rxf8 29.Qh3+ Kd6 30.Qh6+ 1-0

[Event "26th EUR-ch"]
[Site "Katowice POL"]
[Date "2026.04.08"]
[Round "2.203"]
[White "Zelak, Wladyslaw"]
[Black "Udelnov, Valentin"]
[Result "1-0"]
[WhiteElo "1866"]
[BlackElo "2186"]
[EventDate "2026.04.07"]
[PlyCount "73"]

1.d4 Nf6 2.c4 e6 3.g3 c5 4.d5 exd5 5.cxd5 d6 6.Nc3 g6 7.Bg2 Bg7 8.Nf3 O-O 
9.O-O Re8 10.Bf4 Na6 11.Re1 Bf5 12.Nd2 Nh5 13.e4 Nxf4 14.gxf4 Bc8 15.Nc4 
Bxc3 16.bxc3 b5 17.Nd2 c4 18.a4 bxa4 19.Nxc4 Nc5 20.e5 dxe5 21.fxe5 Qg5 
22.Qf3 Ba6 23.Nd6 Re7 24.Ne4 Nxe4 25.Qxe4 Bb7 26.Rxa4 Rd8 27.c4 f5 28.f4 
fxe4 29.fxg5 Rxe5 30.Rxa7 Rd7 31.h4 Rde7 32.Bh3 e3 33.d6 Rf7 34.d7 Rf8 35.
Rxb7 e2 36.Rc7 h5 37.Rc8 1-0

[Event "26th EUR-ch"]
[Site "Katowice POL"]
[Date "2026.04.08"]
[Round "2.204"]
[White "Majcher, Igor"]
[Black "Pietrzak, Wojciech"]
[Result "1-0"]
[WhiteElo "2184"]
[BlackElo "1854"]
[EventDate "2026.04.07"]
[PlyCount "101"]

1.Nf3 c5 2.g3 Nf6 3.Bg2 e6 4.O-O Be7 5.c4 d5 6.d4 dxc4 7.Qa4+ Nbd7 8.Qxc4 
Nb6 9.Qc2 cxd4 10.Rd1 Bd7 11.Nxd4 Rc8 12.Qd3 Nbd5 13.a3 O-O 14.e4 Nc7 15.
Nc3 Na6 16.e5 Nd5 17.Nxd5 exd5 18.b4 Ba4 19.Re1 Nc7 20.Be3 Qd7 21.Rac1 
Rcd8 22.Rc3 Bb5 23.Qd2 Bc4 24.Rd1 a5 25.Nc2 Qb5 26.Nd4 Qd7 27.Qb2 Qa4 28.
Rb1 axb4 29.axb4 Rfe8 30.Bf1 Nb5 31.Rcc1 Na3 32.Qa1 Ra8 33.Rb2 Bxf1 34.
Rxf1 Bxb4 35.Ra2 Qd7 36.Bc1 Qe7 37.Bb2 Ra6 38.Nf5 Qd7 39.Nxg7 Nc2 40.Qb1 
Rxa2 41.Nxe8 Qa4 42.Nf6+ Kf8 43.Rc1 d4 44.Rxc2 Bc3 45.Rxc3 dxc3 46.Bxc3 
Rc2 47.Qxb7 Rxc3 48.Qb8+ Kg7 49.Qg8+ Kh6 50.Qxh7+ Kg5 51.f4+ 1-0

[Event "26th EUR-ch"]
[Site "Katowice POL"]
[Date "2026.04.08"]
[Round "2.205"]
[White "Marcos Herrero, Francisco"]
[Black "Pehar, Borna"]
[Result "1/2-1/2"]
[WhiteElo "1854"]
[BlackElo "2183"]
[EventDate "2026.04.07"]
[PlyCount "76"]

1.c4 Nf6 2.Nf3 e6 3.g3 d5 4.b3 b6 5.Bg2 Bb7 6.Bb2 Be7 7.d4 O-O 8.O-O Nbd7 
9.Nc3 c6 10.Qc2 Rc8 11.e4 Nxe4 12.Nxe4 dxe4 13.Qxe4 Nf6 14.Qe2 Qc7 15.Rfd1
Rfd8 16.Rd3 c5 17.Rad1 cxd4 18.Nxd4 Bxg2 19.Kxg2 a6 20.Kg1 Re8 21.Nf3 Rcd8
22.Ne5 Rxd3 23.Rxd3 Bc5 24.Ng4 Nxg4 25.Qxg4 Bf8 26.Qd1 b5 27.Rd7 Qc8 28.
cxb5 axb5 29.a4 bxa4 30.bxa4 Qa8 31.Bd4 Qe4 32.Bb6 Rc8 33.a5 h5 34.Rd8 
Rxd8 35.Qxd8 Qe1+ 36.Kg2 Qe4+ 37.Kg1 Qe1+ 38.Kg2 Qe4+ 1/2-1/2

[Event "26th EUR-ch"]
[Site "Katowice POL"]
[Date "2026.04.08"]
[Round "2.206"]
[White "Ugorek, Kacper"]
[Black "Trybus, Dominika"]
[Result "1-0"]
[WhiteElo "2181"]
[BlackElo "1841"]
[EventDate "2026.04.07"]
[PlyCount "75"]

1.d4 Nf6 2.c4 g6 3.g3 Bg7 4.Bg2 d6 5.Nc3 Nbd7 6.Nf3 O-O 7.O-O c5 8.d5 a6 
9.a4 b6 10.e4 Ne5 11.Nxe5 dxe5 12.f4 Ne8 13.fxe5 Bxe5 14.Bh6 Bd4+ 15.Kh1 
Ng7 16.Qd2 e5 17.Ne2 Bd7 18.Nxd4 cxd4 19.b4 Rc8 20.Rfc1 f5 21.exf5 gxf5 
22.c5 bxc5 23.bxc5 Qf6 24.Bg5 Qg6 25.c6 Be8 26.Be7 Rf7 27.d6 Rxe7 28.dxe7 
Qd6 29.Qa5 Qxe7 30.Qxa6 Rc7 31.Qc4+ Kh8 32.a5 Ne6 33.a6 Ra7 34.Qb5 Nd8 35.
Qb6 Ne6 36.c7 Rxc7 37.Rxc7 Nxc7 38.a7 1-0

[Event "26th EUR-ch"]
[Site "Katowice POL"]
[Date "2026.04.08"]
[Round "2.207"]
[White "Wojtowicz, Marek"]
[Black "Bitbol-Delaveyne, Maelan"]
[Result "1/2-1/2"]
[WhiteElo "1836"]
[BlackElo "2181"]
[EventDate "2026.04.07"]
[PlyCount "148"]

1.e4 c6 2.d4 d5 3.exd5 cxd5 4.c4 Nf6 5.Nc3 g6 6.cxd5 Bg7 7.Qb3 O-O 8.Be2 
Na6 9.Bf3 Nc7 10.h3 Rb8 11.Bf4 b5 12.Nge2 Rb6 13.O-O Bb7 14.d6 exd6 15.
Bxb7 Rxb7 16.a3 a5 17.Rfd1 b4 18.Ng3 Re8 19.Re1 Ne6 20.Be3 Qd7 21.axb4 
axb4 22.Nd5 Nxd5 23.Qxd5 Rb5 24.Qc4 Rc8 25.Qd3 d5 26.Rec1 Rb7 27.Ne2 Rxc1+
28.Rxc1 Rc7 29.Qb3 Rxc1+ 30.Nxc1 Qb5 31.Qd3 Qc6 32.Na2 Qa4 33.Nc1 Qa1 34.
Qd2 Bxd4 35.Bxd4 Nxd4 36.Kh2 Ne6 37.Nd3 b3 38.Qc3 Qa4 39.Qf6 Qe4 40.Qc3 
Qa4 41.Qc8+ Kg7 42.Qc3+ d4 43.Qe1 Qb5 44.Qe4 Qb8+ 45.g3 Qd6 46.Qb7 Nc5 47.
Qb4 Ne4 48.Qxb3 Qc6 49.Ne5 Qf6 50.f4 Nc5 51.Qd5 Ne6 52.Nf3 h5 53.Qe5 Qxe5 
54.Nxe5 h4 55.b4 f6 56.Nd3 hxg3+ 57.Kxg3 Kf7 58.Kf3 Ke7 59.Ke4 Kd6 60.f5 
Ng5+ 61.Kxd4 gxf5 62.Nf4 Kc6 63.Kc4 Nf3 64.b5+ Kd6 65.b6 Kc6 66.Nd5 Ne5+ 
67.Kd4 f4 68.Nxf6 f3 69.Ne4 Ng6 70.Ke3 Kxb6 71.Kxf3 Kc6 72.Kg4 Kd7 73.Kf5 
Nh4+ 74.Kg5 Nf3+ 1/2-1/2